[Event "ODJM B 2023"]
[Site "Willingen GER"]
[Date "2023.06.03"]
[Round "9"]
[White "John, Niklas"]
[Black "Groessing, Daniel-Yosuke"]
[Result "0-1"]
[Termination "normal"]
[Board "5"]
[WhiteElo "1652"]
[BlackElo "1615"]
[WhiteClock "00:00:40"]
[BlackClock "00:30:10"]
[PlyCount "118"]
[WhiteFideId "16234626"]
[BlackFideId "1682237"]
[EventCountry "GER"]
[EventRounds "9"]
[EventType "swiss"]
[EventDate "2023.05.27"]

1. e4 {[%clk 01:30:50]} {[%emt 00:00:08]} e6 {[%clk 01:30:49]} {[%emt
00:00:12]} 2. d4 {[%clk 01:31:09]} {[%emt 00:00:11]} d5 {[%clk 01:31:11]}
{[%emt 00:00:07]} 3. Nd2 {[%clk 01:31:29]} {[%emt 00:00:10]} c5 {[%clk
01:31:29]} {[%emt 00:00:13]} 4. exd5 {[%clk 01:31:38]} {[%emt 00:00:21]} Qxd5
{[%clk 01:31:49]} {[%emt 00:00:10]} 5. Ngf3 {[%clk 01:31:37]} {[%emt 00:00:31]}
cxd4 {[%clk 01:32:04]} {[%emt 00:00:16]} 6. Bc4 {[%clk 01:31:30]} {[%emt
00:00:36]} Qd6 {[%clk 01:32:19]} {[%emt 00:00:15]} 7. O-O {[%clk 01:31:21]}
{[%emt 00:00:38]} Nf6 {[%clk 01:32:29]} {[%emt 00:00:20]} 8. Nb3 {[%clk
01:31:15]} {[%emt 00:00:36]} Nc6 {[%clk 01:32:43]} {[%emt 00:00:16]} 9. Nbxd4
{[%clk 01:30:33]} {[%emt 00:01:12]} Nxd4 {[%clk 01:32:49]} {[%emt 00:00:24]}
10. Nxd4 {[%clk 01:21:35]} {[%emt 00:09:28]} Be7 {[%clk 01:31:06]} {[%emt
00:02:13]} 11. Bg5 {[%clk 01:19:18]} {[%emt 00:02:47]} O-O {[%clk 01:29:37]}
{[%emt 00:01:59]} 12. c3 {[%clk 01:12:28]} {[%emt 00:07:21]} Qc7 {[%clk
01:21:50]} {[%emt 00:08:16]} 13. Bb3 {[%clk 01:04:10]} {[%emt 00:08:49]} Bd7
{[%clk 01:13:46]} {[%emt 00:08:32]} 14. Qe2 {[%clk 00:55:55]} {[%emt 00:08:47]}
a6 {[%clk 01:09:11]} {[%emt 00:05:05]} 15. Kh1 {[%clk 00:49:48]} {[%emt
00:06:37]} e5 {[%clk 01:01:37]} {[%emt 00:08:03]} 16. h3 {[%clk 00:29:25]}
{[%emt 00:20:54]} Rae8 {[%clk 00:56:54]} {[%emt 00:05:12]} 17. Nc2 {[%clk
00:25:52]} {[%emt 00:04:04]} Bb5 {[%clk 00:51:22]} {[%emt 00:06:02]} 18. c4
{[%clk 00:24:54]} {[%emt 00:01:28]} Bc6 {[%clk 00:51:33]} {[%emt 00:00:19]} 19.
Ne3 {[%clk 00:24:26]} {[%emt 00:00:57]} Qc8 {[%clk 00:47:50]} {[%emt 00:04:14]}
20. Kg1 {[%clk 00:23:11]} {[%emt 00:01:45]} h6 {[%clk 00:41:07]} {[%emt
00:07:13]} 21. Bh4 {[%clk 00:21:24]} {[%emt 00:02:17]} Rd8 {[%clk 00:35:42]}
{[%emt 00:05:56]} 22. Ng4 {[%clk 00:16:59]} {[%emt 00:04:54]} e4 {[%clk
00:33:47]} {[%emt 00:02:25]} 23. Nxf6+ {[%clk 00:15:22]} {[%emt 00:02:06]} Bxf6
{[%clk 00:33:57]} {[%emt 00:00:21]} 24. Bxf6 {[%clk 00:15:39]} {[%emt
00:00:13]} gxf6 {[%clk 00:34:22]} {[%emt 00:00:04]} 25. Qe3 {[%clk 00:14:08]}
{[%emt 00:02:02]} Kh7 {[%clk 00:32:33]} {[%emt 00:02:17]} 26. Rad1 {[%clk
00:10:49]} {[%emt 00:03:51]} Rg8 {[%clk 00:29:51]} {[%emt 00:03:11]} 27. c5
{[%clk 00:07:20]} {[%emt 00:03:59]} Qc7 {[%clk 00:28:12]} {[%emt 00:02:09]} 28.
Rxd8 {[%clk 00:05:55]} {[%emt 00:01:55]} Rxd8 {[%clk 00:28:25]} {[%emt
00:00:17]} 29. Rd1 {[%clk 00:03:12]} {[%emt 00:03:14]} Rxd1+ {[%clk 00:27:38]}
{[%emt 00:01:17]} 30. Bxd1 {[%clk 00:03:38]} {[%emt 00:00:04]} Qe5 {[%clk
00:27:41]} {[%emt 00:00:26]} 31. Bc2 {[%clk 00:00:39]} {[%emt 00:03:30]} f5
{[%clk 00:27:25]} {[%emt 00:00:45]} 32. Qc1 {[%clk 00:00:35]} {[%emt 00:00:34]}
Qxc5 {[%clk 00:25:10]} {[%emt 00:02:46]} 33. Qd2 {[%clk 00:00:32]} {[%emt
00:00:34]} Qe5 {[%clk 00:23:10]} {[%emt 00:02:25]} 34. Bb3 {[%clk 00:00:42]}
{[%emt 00:00:24]} Kg7 {[%clk 00:22:13]} {[%emt 00:01:23]} 35. a3 {[%clk
00:00:32]} {[%emt 00:00:45]} f4 {[%clk 00:19:50]} {[%emt 00:02:51]} 36. Qe2
{[%clk 00:00:34]} {[%emt 00:00:29]} f3 {[%clk 00:16:43]} {[%emt 00:03:34]} 37.
Qd2 {[%clk 00:00:31]} {[%emt 00:00:37]} fxg2 {[%clk 00:14:55]} {[%emt
00:02:17]} 38. Qe2 {[%clk 00:00:31]} {[%emt 00:00:30]} Qg5 {[%clk 00:12:15]}
{[%emt 00:03:09]} 39. Qg4 {[%clk 00:00:33]} {[%emt 00:00:29]} Qxg4 {[%clk
00:11:07]} {[%emt 00:01:39]} 40. hxg4 {[%clk 00:01:00]} {[%emt 00:00:01]} Bd7
{[%clk 00:10:32]} {[%emt 00:01:06]} 41. Bd1 {[%clk 00:15:18]} {[%emt 00:16:12]}
Kf6 {[%clk 00:40:04]} {[%emt 00:00:58]} 42. Kxg2 {[%clk 00:14:08]} {[%emt
00:01:40]} Ke5 {[%clk 00:38:16]} {[%emt 00:02:17]} 43. Kg3 {[%clk 00:12:08]}
{[%emt 00:02:31]} f6 {[%clk 00:35:40]} {[%emt 00:03:05]} 44. b4 {[%clk
00:08:43]} {[%emt 00:03:56]} b6 {[%clk 00:32:56]} {[%emt 00:03:12]} 45. Be2
{[%clk 00:06:08]} {[%emt 00:03:07]} a5 {[%clk 00:32:45]} {[%emt 00:00:39]} 46.
bxa5 {[%clk 00:05:21]} {[%emt 00:01:19]} bxa5 {[%clk 00:33:10]} {[%emt
00:00:06]} 47. Ba6 {[%clk 00:04:43]} {[%emt 00:01:08]} e3 {[%clk 00:29:04]}
{[%emt 00:04:30]} 48. fxe3 {[%clk 00:03:28]} {[%emt 00:01:50]} Ke4 {[%clk
00:29:10]} {[%emt 00:00:22]} 49. Bb7+ {[%clk 00:01:45]} {[%emt 00:02:15]} Kxe3
{[%clk 00:28:40]} {[%emt 00:00:59]} 50. Bf3 {[%clk 00:01:19]} {[%emt 00:00:57]}
Kd3 {[%clk 00:28:00]} {[%emt 00:01:09]} 51. Kf4 {[%clk 00:00:34]} {[%emt
00:01:16]} Kc3 {[%clk 00:27:58]} {[%emt 00:00:29]} 52. Bd1 {[%clk 00:00:35]}
{[%emt 00:00:32]} Kb2 {[%clk 00:27:31]} {[%emt 00:00:57]} 53. a4 {[%clk
00:00:32]} {[%emt 00:00:34]} Ka3 {[%clk 00:27:54]} {[%emt 00:00:06]} 54. Bc2
{[%clk 00:00:31]} {[%emt 00:00:31]} Bxa4 {[%clk 00:28:10]} {[%emt 00:00:14]}
55. Bxa4 {[%clk 00:00:32]} {[%emt 00:00:28]} Kxa4 {[%clk 00:28:36]} {[%emt
00:00:05]} 56. Kf5 {[%clk 00:00:49]} {[%emt 00:00:13]} Kb3 {[%clk 00:28:57]}
{[%emt 00:00:08]} 57. Kxf6 {[%clk 00:00:59]} {[%emt 00:00:20]} a4 {[%clk
00:29:23]} {[%emt 00:00:05]} 58. Kg6 {[%clk 00:00:52]} {[%emt 00:00:37]} a3
{[%clk 00:29:48]} {[%emt 00:00:05]} 59. Kxh6 {[%clk 00:00:40]} {[%emt
00:00:41]} a2 {[%clk 00:30:10]} {[%emt 00:00:09]} 0-1

[Event "ODJM B 2023"]
[Site "Willingen GER"]
[Date "2023.06.03"]
[Round "9"]
[White "Mainka, Ingmar"]
[Black "Weis, Constantin"]
[Result "1-0"]
[Termination "normal"]
[Board "6"]
[WhiteElo "1546"]
[BlackElo "1677"]
[WhiteClock "01:21:10"]
[BlackClock "00:10:52"]
[PlyCount "123"]
[WhiteFideId "16254937"]
[BlackFideId "16286197"]
[EventCountry "GER"]
[EventRounds "9"]
[EventType "swiss"]
[EventDate "2023.05.27"]

1. e4 {[%clk 01:30:58]} {[%emt 00:00:02]} e5 {[%clk 01:30:46]} {[%emt
00:00:14]} 2. Nf3 {[%clk 01:31:22]} {[%emt 00:00:05]} Nc6 {[%clk 01:31:14]}
{[%emt 00:00:02]} 3. d4 {[%clk 01:31:18]} {[%emt 00:00:35]} exd4 {[%clk
01:31:27]} {[%emt 00:00:17]} 4. Nxd4 {[%clk 01:31:44]} {[%emt 00:00:05]} Bc5
{[%clk 01:30:35]} {[%emt 00:01:22]} 5. Be3 {[%clk 01:32:08]} {[%emt 00:00:06]}
Qf6 {[%clk 01:30:48]} {[%emt 00:00:17]} 6. c3 {[%clk 01:32:31]} {[%emt
00:00:07]} Nge7 {[%clk 01:30:46]} {[%emt 00:00:31]} 7. Bc4 {[%clk 01:32:53]}
{[%emt 00:00:08]} Ne5 {[%clk 01:27:12]} {[%emt 00:04:04]} 8. Be2 {[%clk
01:33:14]} {[%emt 00:00:09]} Qg6 {[%clk 01:25:36]} {[%emt 00:02:06]} 9. O-O
{[%clk 01:32:34]} {[%emt 00:01:10]} O-O {[%clk 01:24:21]} {[%emt 00:01:46]} 10.
Nd2 {[%clk 01:30:49]} {[%emt 00:02:14]} d5 {[%clk 01:19:18]} {[%emt 00:05:33]}
11. Bh5 {[%clk 01:24:51]} {[%emt 00:06:28]} Qd6 {[%clk 00:58:08]} {[%emt
00:21:39]} 12. f4 {[%clk 01:18:54]} {[%emt 00:06:27]} Nc4 {[%clk 00:57:38]}
{[%emt 00:01:00]} 13. Nxc4 {[%clk 01:18:41]} {[%emt 00:00:44]} dxc4 {[%clk
00:58:07]} {[%emt 00:00:01]} 14. Qe2 {[%clk 01:18:11]} {[%emt 00:00:59]} Qa6
{[%clk 00:55:01]} {[%emt 00:03:37]} 15. Kh1 {[%clk 01:17:17]} {[%emt 00:01:24]}
Re8 {[%clk 00:46:46]} {[%emt 00:08:45]} 16. Bxf7+ {[%clk 01:09:36]} {[%emt
00:08:11]} Kxf7 {[%clk 00:47:14]} {[%emt 00:00:01]} 17. Qh5+ {[%clk 01:10:00]}
{[%emt 00:00:07]} Qg6 {[%clk 00:47:31]} {[%emt 00:00:13]} 18. Qxc5 {[%clk
01:10:24]} {[%emt 00:00:06]} Qxe4 {[%clk 00:47:48]} {[%emt 00:00:13]} 19. Qxc4+
{[%clk 01:09:48]} {[%emt 00:01:06]} Be6 {[%clk 00:45:54]} {[%emt 00:02:23]} 20.
Qxe6+ {[%clk 01:10:07]} {[%emt 00:00:12]} Qxe6 {[%clk 00:46:21]} {[%emt
00:00:03]} 21. Nxe6 {[%clk 01:10:32]} {[%emt 00:00:05]} Kxe6 {[%clk 00:46:49]}
{[%emt 00:00:02]} 22. Bd4 {[%clk 01:09:52]} {[%emt 00:01:10]} Kf7 {[%clk
00:42:16]} {[%emt 00:05:02]} 23. Rad1 {[%clk 01:07:44]} {[%emt 00:02:39]} c6
{[%clk 00:41:49]} {[%emt 00:00:57]} 24. Bc5 {[%clk 01:07:11]} {[%emt 00:01:02]}
b6 {[%clk 00:31:53]} {[%emt 00:10:27]} 25. Bxe7 {[%clk 01:05:39]} {[%emt
00:02:02]} Rxe7 {[%clk 00:32:07]} {[%emt 00:00:16]} 26. Rd2 {[%clk 01:05:23]}
{[%emt 00:00:46]} Rae8 {[%clk 00:32:23]} {[%emt 00:00:13]} 27. Kg1 {[%clk
01:05:30]} {[%emt 00:00:24]} Re2 {[%clk 00:30:55]} {[%emt 00:01:58]} 28. Rfd1
{[%clk 01:05:52]} {[%emt 00:00:08]} c5 {[%clk 00:29:53]} {[%emt 00:01:32]} 29.
Kf1 {[%clk 01:05:07]} {[%emt 00:01:15]} R2e4 {[%clk 00:29:49]} {[%emt
00:00:32]} 30. g3 {[%clk 01:05:01]} {[%emt 00:00:37]} R8e7 {[%clk 00:30:06]}
{[%emt 00:00:12]} 31. Rd7 {[%clk 01:04:59]} {[%emt 00:00:34]} Re1+ {[%clk
00:29:42]} {[%emt 00:00:54]} 32. Rxe1 {[%clk 01:05:23]} {[%emt 00:00:06]} Rxd7
{[%clk 00:30:10]} {[%emt 00:00:01]} 33. Ke2 {[%clk 01:05:19]} {[%emt 00:00:34]}
Re7+ {[%clk 00:28:03]} {[%emt 00:02:37]} 34. Kd2 {[%clk 01:05:38]} {[%emt
00:00:11]} Rd7+ {[%clk 00:28:17]} {[%emt 00:00:17]} 35. Kc2 {[%clk 01:06:02]}
{[%emt 00:00:05]} Kf8 {[%clk 00:26:07]} {[%emt 00:02:40]} 36. Re5 {[%clk
01:05:49]} {[%emt 00:00:44]} Kf7 {[%clk 00:24:44]} {[%emt 00:01:53]} 37. a4
{[%clk 01:06:08]} {[%emt 00:00:11]} Rd8 {[%clk 00:23:21]} {[%emt 00:01:52]} 38.
a5 {[%clk 01:05:59]} {[%emt 00:00:40]} Rd7 {[%clk 00:23:33]} {[%emt 00:00:18]}
39. axb6 {[%clk 01:06:04]} {[%emt 00:00:25]} axb6 {[%clk 00:24:01]} 40. g4
{[%clk 01:05:39]} {[%emt 00:00:55]} Rd6 {[%clk 00:15:37]} {[%emt 00:08:54]} 41.
Re3 {[%clk 01:02:28]} {[%emt 00:03:41]} Kf6 {[%clk 00:01:23]} {[%emt 00:14:43]}
42. h3 {[%clk 00:58:24]} {[%emt 00:04:35]} h6 {[%clk 00:29:50]} {[%emt
00:02:03]} 43. Rd3 {[%clk 01:28:16]} {[%emt 00:00:38]} Re6 {[%clk 00:29:26]}
{[%emt 00:00:55]} 44. Kd2 {[%clk 01:28:41]} {[%emt 00:00:05]} h5 {[%clk
00:26:14]} {[%emt 00:03:42]} 45. Re3 {[%clk 01:28:28]} {[%emt 00:00:43]} Rd6+
{[%clk 00:26:04]} {[%emt 00:00:39]} 46. Ke2 {[%clk 01:28:54]} {[%emt 00:00:05]}
hxg4 {[%clk 00:26:00]} {[%emt 00:00:34]} 47. hxg4 {[%clk 01:29:21]} {[%emt
00:00:03]} Rd7 {[%clk 00:23:38]} {[%emt 00:02:51]} 48. Re5 {[%clk 01:28:48]}
{[%emt 00:01:03]} Rd6 {[%clk 00:21:05]} {[%emt 00:03:04]} 49. Re8 {[%clk
01:27:46]} {[%emt 00:01:32]} Kf7 {[%clk 00:19:39]} {[%emt 00:01:55]} 50. Rb8
{[%clk 01:27:58]} {[%emt 00:00:18]} Ke6 {[%clk 00:19:59]} {[%emt 00:00:10]} 51.
Rb7 {[%clk 01:27:26]} {[%emt 00:01:03]} g6 {[%clk 00:20:04]} {[%emt 00:00:24]}
52. Ke3 {[%clk 01:25:52]} {[%emt 00:02:04]} Kd5 {[%clk 00:19:55]} {[%emt
00:00:39]} 53. b3 {[%clk 01:24:29]} {[%emt 00:01:54]} Re6+ {[%clk 00:17:07]}
{[%emt 00:03:18]} 54. Kf3 {[%clk 01:24:42]} {[%emt 00:00:17]} Rd6 {[%clk
00:16:45]} {[%emt 00:00:52]} 55. Re7 {[%clk 01:24:26]} {[%emt 00:00:45]} b5
{[%clk 00:15:53]} {[%emt 00:01:23]} 56. Re5+ {[%clk 01:24:22]} {[%emt
00:00:34]} Kc6 {[%clk 00:16:19]} {[%emt 00:00:04]} 57. f5 {[%clk 01:24:43]}
{[%emt 00:00:08]} gxf5 {[%clk 00:16:20]} {[%emt 00:00:29]} 58. gxf5 {[%clk
01:25:08]} {[%emt 00:00:05]} c4 {[%clk 00:11:52]} {[%emt 00:04:59]} 59. b4
{[%clk 01:25:14]} {[%emt 00:00:23]} Rd3+ {[%clk 00:11:42]} {[%emt 00:00:40]}
60. Ke4 {[%clk 01:22:41]} {[%emt 00:03:04]} Rxc3 {[%clk 00:11:59]} {[%emt
00:00:12]} 61. f6 {[%clk 01:23:06]} {[%emt 00:00:05]} Rd3 {[%clk 00:10:52]}
{[%emt 00:01:38]} 62. f7 {[%clk 01:21:10]} {[%emt 00:02:25]} 1-0

[Event "ODJM B 2023"]
[Site "Willingen GER"]
[Date "2023.06.03"]
[Round "9"]
[White "Ermert, Karl Hans Ragnar"]
[Black "Kratz, Alexander"]
[Result "0-1"]
[Termination "normal"]
[Board "7"]
[WhiteElo "1584"]
[BlackElo "1773"]
[WhiteClock "00:02:02"]
[BlackClock "00:22:11"]
[PlyCount "76"]
[WhiteFideId "16275675"]
[BlackFideId "16228529"]
[EventCountry "GER"]
[EventRounds "9"]
[EventType "swiss"]
[EventDate "2023.05.27"]

1. b3 {[%clk 01:30:57]} {[%emt 00:00:02]} Nf6 {[%clk 01:30:03]} {[%emt
00:00:57]} 2. Bb2 {[%clk 01:31:18]} {[%emt 00:00:09]} d6 {[%clk 01:30:26]}
{[%emt 00:00:08]} 3. e3 {[%clk 01:30:59]} {[%emt 00:00:48]} g6 {[%clk
01:30:00]} {[%emt 00:00:56]} 4. f4 {[%clk 01:27:19]} {[%emt 00:04:10]} Bg7
{[%clk 01:26:17]} {[%emt 00:04:14]} 5. Nf3 {[%clk 01:27:35]} {[%emt 00:00:13]}
O-O {[%clk 01:26:17]} {[%emt 00:00:30]} 6. Be2 {[%clk 01:27:05]} {[%emt
00:00:59]} c5 {[%clk 01:25:35]} {[%emt 00:01:13]} 7. O-O {[%clk 01:26:36]}
{[%emt 00:00:58]} b6 {[%clk 01:24:29]} {[%emt 00:01:38]} 8. d3 {[%clk
01:25:53]} {[%emt 00:01:12]} Bb7 {[%clk 01:24:33]} {[%emt 00:00:27]} 9. Qe1
{[%clk 01:21:33]} {[%emt 00:04:49]} Nc6 {[%clk 01:19:19]} {[%emt 00:05:44]} 10.
a3 {[%emt 00:01:10]} e5 {[%clk 01:13:30]} {[%emt 00:06:17]} 11. fxe5 {[%clk
01:15:57]} {[%emt 00:05:29]} Ng4 {[%clk 01:10:54]} {[%emt 00:03:06]} 12. Bd1
{[%clk 01:13:57]} {[%emt 00:02:30]} Ngxe5 {[%clk 01:05:09]} {[%emt 00:06:15]}
13. Nxe5 {[%clk 01:09:18]} {[%emt 00:05:08]} dxe5 {[%clk 01:01:54]} {[%emt
00:03:45]} 14. e4 {[%clk 01:08:19]} {[%emt 00:01:29]} Nd4 {[%clk 01:01:48]}
{[%emt 00:00:37]} 15. Nd2 {[%clk 01:06:16]} {[%emt 00:02:32]} f6 {[%clk
00:47:25]} {[%emt 00:14:54]} 16. Nf3 {[%clk 01:04:14]} {[%emt 00:02:32]} Bh6
{[%clk 00:40:43]} {[%emt 00:07:12]} 17. Nxd4 {[%clk 01:02:23]} {[%emt
00:02:20]} cxd4 {[%clk 00:40:53]} {[%emt 00:00:20]} 18. Bc1 {[%clk 01:02:35]}
{[%emt 00:00:19]} Bxc1 {[%clk 00:40:37]} {[%emt 00:00:45]} 19. Rxc1 {[%clk
01:02:58]} {[%emt 00:00:07]} Qe7 {[%clk 00:39:59]} {[%emt 00:01:08]} 20. b4
{[%clk 00:56:03]} {[%emt 00:07:26]} Rac8 {[%clk 00:39:53]} {[%emt 00:00:35]}
21. c4 {[%clk 00:52:54]} {[%emt 00:03:39]} dxc3 {[%clk 00:40:10]} {[%emt
00:00:14]} 22. Bb3+ {[%clk 00:52:54]} {[%emt 00:00:29]} Kg7 {[%clk 00:40:11]}
{[%emt 00:00:29]} 23. Rxc3 {[%clk 00:53:12]} {[%emt 00:00:12]} Qd6 {[%clk
00:40:09]} {[%emt 00:00:32]} 24. Rxc8 {[%clk 00:42:40]} {[%emt 00:11:03]} Rxc8
{[%clk 00:40:22]} {[%emt 00:00:17]} 25. Qf2 {[%clk 00:33:34]} {[%emt 00:09:35]}
Ba6 {[%clk 00:37:50]} {[%emt 00:03:03]} 26. Bd5 {[%clk 00:24:45]} {[%emt
00:09:18]} Bxd3 {[%clk 00:36:03]} {[%emt 00:02:17]} 27. Rd1 {[%clk 00:22:28]}
{[%emt 00:02:46]} Bxe4 {[%clk 00:34:48]} {[%emt 00:01:46]} 28. Bb3 {[%clk
00:21:08]} {[%emt 00:01:50]} Qc6 {[%clk 00:30:43]} {[%emt 00:04:35]} 29. Qd2
{[%clk 00:16:28]} {[%emt 00:05:10]} Bf5 {[%clk 00:28:26]} {[%emt 00:02:47]} 30.
a4 {[%clk 00:05:44]} {[%emt 00:11:14]} Qc3 {[%clk 00:26:06]} {[%emt 00:02:50]}
31. Qd5 {[%clk 00:04:54]} {[%emt 00:01:20]} Qe3+ {[%clk 00:20:31]} {[%emt
00:06:05]} 32. Kf1 {[%clk 00:04:35]} {[%emt 00:00:49]} Rc1 {[%clk 00:20:20]}
{[%emt 00:00:40]} 33. Qf7+ {[%clk 00:01:39]} {[%emt 00:03:26]} Kh6 {[%clk
00:20:49]} {[%emt 00:00:02]} 34. Qxf6 {[%clk 00:00:49]} {[%emt 00:01:20]} Rxd1+
{[%clk 00:21:05]} {[%emt 00:00:14]} 35. Bxd1 {[%clk 00:01:13]} {[%emt
00:00:06]} Bd3+ {[%clk 00:21:30]} {[%emt 00:00:06]} 36. Be2 {[%clk 00:01:14]}
{[%emt 00:00:29]} Qxe2+ {[%clk 00:21:50]} {[%emt 00:00:09]} 37. Kg1 {[%clk
00:01:37]} {[%emt 00:00:07]} Qe1+ {[%clk 00:22:16]} {[%emt 00:00:04]} 38. Qf1
{[%clk 00:02:02]} {[%emt 00:00:05]} Qxf1# {[%clk 00:22:11]} {[%emt 00:00:05]}
0-1

[Event "ODJM B 2023"]
[Site "Willingen GER"]
[Date "2023.06.03"]
[Round "9"]
[White "Bergmann, Lennart"]
[Black "Khanbekyan, Areg"]
[Result "1/2-1/2"]
[Termination "normal"]
[Board "8"]
[WhiteElo "1515"]
[BlackElo "1606"]
[WhiteClock "00:10:07"]
[BlackClock "00:01:33"]
[PlyCount "57"]
[WhiteFideId "16270657"]
[BlackFideId "12993727"]
[EventCountry "GER"]
[EventRounds "9"]
[EventType "swiss"]
[EventDate "2023.05.27"]

1. e4 {[%clk 01:30:45]} {[%emt 00:00:14]} c5 {[%clk 01:30:28]} {[%emt
00:00:33]} 2. Nf3 {[%clk 01:30:59]} {[%emt 00:00:15]} Nc6 {[%clk 01:30:28]}
{[%emt 00:00:31]} 3. d3 {[%clk 01:31:10]} {[%emt 00:00:19]} g6 {[%clk
01:29:07]} {[%emt 00:01:51]} 4. g3 {[%clk 01:31:09]} {[%emt 00:00:30]} Bg7
{[%clk 01:28:40]} {[%emt 00:00:58]} 5. Bg2 {[%clk 01:31:30]} {[%emt 00:00:08]}
e6 {[%clk 01:19:27]} {[%emt 00:09:43]} 6. O-O {[%clk 01:27:45]} {[%emt
00:04:15]} Nge7 {[%clk 01:19:50]} {[%emt 00:00:08]} 7. c3 {[%clk 01:25:58]}
{[%emt 00:02:17]} O-O {[%clk 01:20:05]} {[%emt 00:00:14]} 8. Ng5 {[%clk
01:22:38]} {[%emt 00:03:51]} d5 {[%clk 01:10:12]} {[%emt 00:10:23]} 9. Nd2
{[%clk 01:17:37]} {[%emt 00:05:31]} Ne5 {[%clk 00:57:36]} {[%emt 00:13:06]} 10.
Ndf3 {[%clk 01:06:28]} {[%emt 00:11:39]} Nxf3+ {[%clk 00:49:41]} {[%emt
00:08:26]} 11. Nxf3 {[%clk 01:04:00]} {[%emt 00:02:57]} b6 {[%clk 00:47:29]}
{[%emt 00:02:42]} 12. Ng5 {[%clk 00:58:11]} {[%emt 00:06:19]} Bb7 {[%clk
00:35:25]} {[%emt 00:12:33]} 13. f4 {[%clk 00:54:33]} {[%emt 00:04:08]} h6
{[%clk 00:32:42]} {[%emt 00:03:14]} 14. Nh3 {[%clk 00:54:24]} {[%emt 00:00:38]}
dxe4 {[%clk 00:31:45]} {[%emt 00:01:27]} 15. dxe4 {[%clk 00:52:42]} {[%emt
00:02:12]} Ba6 {[%clk 00:30:02]} {[%emt 00:02:13]} 16. Re1 {[%clk 00:50:12]}
{[%emt 00:03:01]} Qc7 {[%clk 00:28:01]} {[%emt 00:02:30]} 17. Bf1 {[%clk
00:46:48]} {[%emt 00:03:54]} Rad8 {[%clk 00:21:11]} {[%emt 00:07:20]} 18. Qc2
{[%clk 00:44:28]} {[%emt 00:02:50]} Bxf1 {[%clk 00:21:12]} {[%emt 00:00:29]}
19. Rxf1 {[%clk 00:43:36]} {[%emt 00:01:22]} c4 {[%clk 00:20:42]} {[%emt
00:01:00]} 20. Nf2 {[%clk 00:42:40]} {[%emt 00:01:26]} Rd7 {[%clk 00:17:54]}
{[%emt 00:03:18]} 21. Be3 {[%clk 00:41:31]} {[%emt 00:01:40]} Rfd8 {[%clk
00:18:03]} {[%emt 00:00:21]} 22. Rad1 {[%clk 00:41:20]} {[%emt 00:00:40]} b5
{[%clk 00:17:03]} {[%emt 00:01:30]} 23. Rxd7 {[%clk 00:39:22]} {[%emt
00:02:28]} Rxd7 {[%clk 00:17:32]} {[%emt 00:00:02]} 24. Rd1 {[%clk 00:39:44]}
{[%emt 00:00:08]} a5 {[%clk 00:17:40]} {[%emt 00:00:22]} 25. a4 {[%clk
00:27:31]} {[%emt 00:12:42]} b4 {[%clk 00:15:34]} {[%emt 00:02:37]} 26. Rxd7
{[%clk 00:27:02]} {[%emt 00:00:59]} Qxd7 {[%clk 00:16:02]} {[%emt 00:00:01]}
27. Bb6 {[%clk 00:27:18]} {[%emt 00:00:14]} b3 {[%clk 00:02:47]} {[%emt
00:13:45]} 28. Qd1 {[%clk 00:24:19]} {[%emt 00:03:29]} Qb7 {[%clk 00:01:33]}
{[%emt 00:01:45]} 29. Bd4 {[%clk 00:10:07]} 1/2-1/2